Statistics for EURO 1988 Netherlands Squad

Click here to take the quiz!

General Stats

  • This quiz has been taken 274 times
  • The average score is 8 of 20

Answer Stats

Hint Answer % Correct
FWMarco van Basten
99%
MFRuud Gullit
97%
MFFrank Rijkaard
82%
DFRonald Koeman
80%
MFErwin Koeman
79%
GKHans van Breukelen
62%
FWWim Kieft
46%
DFAdri van Tiggelen
39%
DFBerry van Aerle
36%
MFArnold Mühren
36%
MFJan Wouters
35%
MFGerald Vanenburg
34%
FWJohn Bosman
32%
MFAron Winter
29%
MFJohn van 't Schip
18%
GKJoop Hiele
17%
MFHendrie Krüzen
8%
DFWilbert Suvrijn
6%
DFSjaak Troost
6%
DFWim Koevermans
5%

Score Distribution

Percentile by Number Answered

Percent of People with Each Score

Your Score History

You have not taken this quiz